000 00397nam a2200169 i 4500
001 bg
245 0 _aChemia ogólna i nieorganiczna /
_cMaria Bubicz [i in.].
260 _aWarszawa,
_c1974.
650 9 _aChemia
650 9 _aChemia nieorganiczna
700 1 _aBubicz, Maria.
040 _cBPK
041 _apol
080 _a54
942 _cKS
008 s pl f |000 0 pol
999 _c26224
_d26224
856 _uhttp://koha.tu.koszalin.pl/cgi-bin/koha/opac-detail.pl?biblionumber=26224
_yKatalog online BPK